000 00766nam a2200253 a 4500
001
003 DO-SdBNP
005 20211001124754.0
008 090921s2001 dr 001 0 spa d
020 _a9993423130
040 _aDO-SdBNP
_bspa
_cBPMSU
082 _aRD864.44
_bV443m, 2001
_222
100 1 _aVeloz Maggilo, Marcio
245 1 3 _aLa memoria fermentada :
_bensayos bioliterarios /
_cMarcio Veloz Maggiolo ; edición Rafael Bello Peguero.
250 _a2a. ed.
260 _aSanto Domingo :
_bAmigo del Hogar,
_c2001.
300 _a157 p. ;
_c23 cm.
590 _6Inventariado, 2021/VM
650 4 _aEnsayos dominicanos
650 4 _aLiteratura dominicana.
700 1 _aBello Peguero, Rafael
_d1932 -
_eed.
910 _aVMateo V.
942 _2ddc
_cBK
999 _c13747
_d13747